América y Rusia en un mundo que cambia / (Record no. 78535)

MARC details
000 -LEADER
campo de control de longitud fija 00647nam a2200193 i 4500
001 - NÚMERO DE CONTROL
campo de control 78535
003 - IDENTIFICADOR DE NÚMERO DE CONTROL
campo de control ES-MaACL
005 - FECHA Y HORA DE LA ÚLTIMA TRANSACCIÓN
campo de control 20230906173735.0
007 - CAMPO FIJO DE DESCRIPCIÓN FÍSICA--INFORMACIÓN GENERAL
campo de control de longitud fija t|
008 - DATOS DE LONGITUD FIJA--INFORMACIÓN GENERAL
campo de control de longitud fija 041014s1973 sp ||||1| spa d
100 1# - ENTRADA PRINCIPAL--NOMBRE DE PERSONA
Nombre de persona Harriman, William Averell.
9 (RLIN) 61896
245 10 - MENCIÓN DEL TÍTULO
Título América y Rusia en un mundo que cambia /
Mención de responsabilidad, etc. W. Averell Harriman ; introducción de Arthur M. Schlesinger ; [traducido por Ma Antonia Menini].
250 ## - MENCION DE EDICION
Mención de edición [1ª ed.].
260 ## - PUBLICACIÓN, DISTRIBUCIÓN, ETC.
Lugar de publicación, distribución, etc. Barcelona :
Nombre del editor, distribuidor, etc. Grijalbo,
Fecha de publicación, distribución, etc. [1973]
300 ## - DESCRIPCIÓN FÍSICA
Extensión 239 p. ;
Dimensiones 19 cm.
700 1# - ENTRADA AGREGADA--NOMBRE PERSONAL
Nombre de persona Menini, María Antonia.
9 (RLIN) 80365
700 1# - ENTRADA AGREGADA--NOMBRE PERSONAL
Nombre de persona Schlesinger, Arthur M.
9 (RLIN) 104409
852 ## - LOCALIZACIÓN
Ubicación ES-MaACL
Número de control de estantería C-52557
Sublocalización o colección R.85498
Holdings
Estatus retirado Estado de pérdida Estado de daño No para préstamo Biblioteca de origen Biblioteca actual Ubicación en estantería Fecha de adquisición Fuente de adquisición Total de préstamos Signatura topográfica completa Código de barras Visto por última vez Precio de reemplazo Tipo de ítem Koha
        Biblioteca del Ateneo de Madrid Biblioteca del Ateneo de Madrid Depósito 2 17/01/2008     C-52557 1082144 23/02/2023 23/02/2023 Libro impreso